| 000 | 01183nam a2200229 i 4500 | ||
|---|---|---|---|
| 001 | 100481 | ||
| 003 | ES-MaACL | ||
| 005 | 20250630160525.0 | ||
| 007 | t| | ||
| 008 | 050928s1934 xxk ||||1| eng d | ||
| 100 | 1 |
_aMasefield, Muriel. _978702 |
|
| 245 | 1 | 0 |
_aWomen novelists from Fanny Burney to George Eliot / _cby Muriel Masefield. |
| 260 |
_aLondon : _bJ. Nicholson & Watson, _c1934. |
||
| 300 |
_a224 p. ; _c19 cm. |
||
| 505 | 8 | _aContiene: The life of Fanny Burney.--Fanny Burney's novels.--The life of Jane Austen.--Jane Austen's novels.--Maria Edgeworth and her novels. (Irish life)--Susan Ferrier and her novels. (scottish life)--Emily Eden and her novels.--The lives of the Brontë sisters.--Charlotte Brontë's novels.--Emily Brontë's novel.--Anne Brontë's novels.--The life of Mrs. Gaskell.--Mrs. Gaskell's novels.--Charlotte Yonge and her novels, contributed by D. Blagg.--Life of George Eliot.--George Eliot's novels. | |
| 600 | 1 | 4 |
_9241146 _aBrontë, Charlotte, _d1816-1855 |
| 650 | 4 |
_aEscritoras inglesas. _9163773 |
|
| 650 | 0 | 4 |
_aLiteratura inglesa- _xHistoria y crítica. _914628 |
| 852 |
_aES-MaACL _jA-2862 |
||
| 942 | _2udc | ||
| 999 |
_c100481 _d100481 |
||